000 00906nam a2200253 a 4500
999 _c11104
_d11104
001 11104
003 BD-JhCC
005 20200303134007.0
008 190629s20022018bg a|||| |||| 000 0 ben d
020 _a984702770051X
035 _a(BD-JhCC)11104
040 _aBD-JhCC
_dBD-JhCC
041 _aben
082 _a006.686
_bASH 2018
100 _aআশরাফ, বাপ্পি
245 _aকমপ্লিট এডোবি ফটোশপ :
_bঅ্যাডভান্সড ও প্রোফেশনাল /
_cবাপ্পি আশরাফ
250 _a১১ তম সংস্করণ.
260 _aঢাকা :
_bজ্ঞানকোষ,
_c@2018.
300 _a৬৩৯ পৃ. :
_bচিত্রবলী সংযোজিত;
_c২৪ সেমি.
650 _aComputer graphics
650 _aAdobe Photoshop
650 _aAdobe Lightroom
942 _2ddc
_cBK
_02